000 01758cam a22003857a 4500
001 17360720
003 OSt
005 20220311125046.0
008 120625s2013 maua b 001 0 eng d
010 _a 2012942876
020 _a9781133279075
020 _a1133279074
035 _a(OCoLC)ocn775416103
040 _cLC
050 0 0 _aTK5105.59.W54
100 1 _aWhitman, Michael E.,
245 1 0 _aGuide to network security. /
_cMichael Whitman … [et. al].
250 _a[international ed.]
264 1 _aBoston:
_bCourse Technology/Cengage Learning,
_c2013.
300 _axxii, 554 p. :
_billustrations ;
_c24 cm
336 _atext
_btxt
_2rdacontent
337 _aunmediated
_bn
_2rdamedia
338 _avolume
_bnc
_2rdacarrier
504 _aIncludes bibliographical references and index.
505 0 _aIntroduction to information security -- Introduction to networking -- Cryptography -- Firewall technologies and administration -- Network authentication and remote access using VPN -- Network monitoring and intrusion detection and prevention systems -- Wireless network security -- Security of web applications -- Network vulnerability assessment -- Auditing, monitoring, and logging -- Contingency planning and networking incident response -- Digital forensics --
650 0 _aComputer security.
650 0 _aDigital forensic science.
650 0 _aComputer networks
_xSecurity measures.
650 7 _aComputer networks
_xSecurity measures.
_2fast
_0(OCoLC)fst00872341
650 7 _aComputer security.
_2fast
_0(OCoLC)fst00872484
906 _a7
_bcbc
_ccopycat
_d2
_eepcn
_f20
_gy-gencatlg
942 _2lcc
_cBK
999 _c8924
_d16424